| 000 | 01215nam a2200313Ia 4500 | ||
|---|---|---|---|
| 001 | ebr10338319 | ||
| 003 | CaPaEBR | ||
| 006 | m u | ||
| 007 | cr cn||||||||| | ||
| 008 | 080422s2009 au a sb 000 0 eng d | ||
| 010 | _z 2008934450 | ||
| 020 | _z321175122X (alk. paper) | ||
| 020 | _z9783211751220 (alk. paper) | ||
| 040 |
_aCaPaEBR _cCaPaEBR |
||
| 035 | _a(OCoLC)646836970 | ||
| 050 | 1 | 4 |
_aQH447 _b.M63 2009eb |
| 245 | 0 | 0 |
_aModern genome annotation _h[electronic resource] : _bthe BioSapiens Network / _cDmitrij Frishman, Alfonso Valencia, editors. |
| 260 |
_aWien ; _aNew York : _bSpringer, _cc2009. |
||
| 300 |
_axviii, 490 p. : _bcol. ill. |
||
| 504 | _aIncludes bibliographical references. | ||
| 533 |
_aElectronic reproduction. _bPalo Alto, Calif. : _cebrary, _d2009. _nAvailable via World Wide Web. _nAccess may be limited to ebrary affiliated libraries. |
||
| 650 | 0 | _aBioinformatics. | |
| 650 | 0 | _aHuman genome. | |
| 655 | 7 |
_aElectronic books. _2local |
|
| 700 | 1 | _aFrishman, Dmitrij. | |
| 700 | 1 | _aValencia, Alfonso. | |
| 710 | 2 | _aebrary, Inc. | |
| 856 | 4 | 0 |
_uhttp://site.ebrary.com/lib/rucke/Doc?id=10338319 _zAn electronic book accessible through the World Wide Web; click to view |
| 999 |
_c47694 _d47694 |
||